000 00365cam a2200145ua 4500
041 _ahin
_h
082 _a891.43
_bSHA/BI
100 _aSharat Chandra, Chattopadyaya.
245 _aBiraj bahu /
_cSharat chandra.
_hTextual Documents
260 _a :
_bHind Pocket Books Pvt Ltd ,
_c1937.
300 _a127 ; .
504 _a
942 _cBK
999 _c12231
_d12231